COLMILLO BLANCO (Registro nro. 68577)
[ vista simple ]
| 000 -CABECERA | |
|---|---|
| campo de control de longitud fija | 00930nam a22002417a 4500 |
| 003 - IDENTIFICADOR DEL NÚMERO DE CONTROL | |
| campo de control | BPGM |
| 008 - DATOS DE LONGITUD FIJA--INFORMACIÓN GENERAL | |
| campo de control de longitud fija | 260512m mx gr|||| 001 0 spa d |
| 020 ## - NÚMERO INTERNACIONAL ESTÁNDAR DEL LIBRO | |
| Número Internacional Estándar del Libro | 970-737-028-9 |
| 040 ## - FUENTE DE LA CATALOGACIÓN | |
| Lengua de catalogación | spa |
| 041 ## - CÓDIGO DE LENGUA | |
| Código de lengua original | SPA |
| 041 ## - CÓDIGO DE LENGUA | |
| Código de lengua original | SPA |
| 082 04 - NÚMERO DE LA CLASIFICACIÓN DECIMAL DEWEY | |
| Número de clasificación | 810 |
| Número de documento/Ítem | C |
| 100 ## - ENTRADA PRINCIPAL--NOMBRE DE PERSONA | |
| Nombre de persona | LONDON, JACK |
| 245 ## - MENCIÓN DE TÍTULO | |
| Título | COLMILLO BLANCO |
| 260 ## - PUBLICACIÓN, DISTRIBUCIÓN, ETC. | |
| Lugar de publicación, distribución, etc. | MÉXICO |
| Nombre del editor, distribuidor, etc. | EXODO |
| Fecha de publicación, distribución, etc. | ABRIL 2013 |
| 300 ## - DESCRIPCIÓN FÍSICA | |
| Extensión | 263 PÁGINAS, |
| Dimensiones | 20.6X13.4 CM |
| 336 ## - TIPO DE CONTENIDO | |
| Fuente | rdacontent |
| Término de tipo de contenido | texto |
| Código de tipo de contenido | txt |
| 337 ## - TIPO DE MEDIO | |
| Fuente | rdamedia |
| Nombre/término del tipo de medio | sin mediación |
| Código del tipo de medio | n |
| 338 ## - TIPO DE SOPORTE | |
| Fuente | rdacarrier |
| Nombre/término del tipo de soporte | volumen |
| Código del tipo de soporte | nc |
| 505 ## - NOTA DE CONTENIDO CON FORMATO | |
| Nota de contenido con formato | ES UNA EXCELENTE OBRA QUE NARRA DETALLADAMENTE EL MUNDO INTERNO DE UN PERRO-LOBO, DESDE QUE NACE HASTA QUE LOGRA ADQUIRIR UNA VIDA PLENA Y SATISFACHA, AL LADO DE UN HOMBRE QUE LO VALORA EN TODAS SUS DIMENSIONES POR LO QUE ES Y POR LO QUE SABE HACER MEJOR: SER FIEL A SU MANO Y SEÑOR, NO OBSTANTE QUE TENGA QUE DAR SU VIDA POR ELLO. |
| 650 ## - PUNTO DE ACCESO ADICIONAL DE MATERIA--TÉRMINO DE MATERIA | |
| Subdivisión de forma | 810 |
| Subdivisión general | 800 |
| Subdivisión cronológica | 10 |
| Subdivisión geográfica | 0 |
| 942 ## - ELEMENTOS DE PUNTO DE ACCESO ADICIONAL (KOHA) | |
| Fuente del sistema de clasificación o colocación | Dewey Decimal Classification |
| Tipo de ítem Koha | Consulta Jóvenes y Adultos |
No hay ítems disponibles.